Solomons seal / (Record no. 204)

MARC details
000 -LEADER
fixed length control field 00554pam a2200205 i 4500
005 - DATE AND TIME OF LATEST TRANSACTION
control field 20260322212010.0
008 - FIXED-LENGTH DATA ELEMENTS--GENERAL INFORMATION
fixed length control field data
010 ## - LIBRARY OF CONGRESS CONTROL NUMBER
LC control number 80007632
020 ## - INTERNATIONAL STANDARD BOOK NUMBER
International Standard Book Number 0394513266 :
Terms of availability {dollar}10.00 (est.)
020 ## - INTERNATIONAL STANDARD BOOK NUMBER
International Standard Book Number 9780394513263 :
Terms of availability {dollar}10.00 (est.)
040 ## - CATALOGING SOURCE
Original cataloging agency DLC
Transcribing agency DLC
Modifying agency DLC
050 00 - LIBRARY OF CONGRESS CALL NUMBER
Classification number PR6017.N79
Item number S6 1980
082 00 - DEWEY DECIMAL CLASSIFICATION NUMBER
Classification number 823/.912
099 ## - LOCAL FREE-TEXT CALL NUMBER (OCLC)
Classification number INNESH
001 - CONTROL NUMBER
control field data
100 1# - MAIN ENTRY--PERSONAL NAME
Personal name Innes, Hammond,
Dates associated with a name 1913-
245 10 - TITLE STATEMENT
Title Solomons seal /
Statement of responsibility, etc. Hammond Innes.
260 ## - PUBLICATION, DISTRIBUTION, ETC.
Place of publication, distribution, etc. New York :
Name of publisher, distributor, etc. Knopf : distributed by Random House,
Date of publication, distribution, etc. 1980.
300 ## - PHYSICAL DESCRIPTION
Extent 340 p. ;
Dimensions 22 cm.
Holdings
Withdrawn status Lost status Damaged status Not for loan Home library Current library Shelving location Date acquired Total checkouts Full call number Barcode Date last seen Price effective from Koha item type
        Franklin Franklin General stacks 22/03/2026   823/.912 BC0010211 22/03/2026 22/03/2026 Books